Fictional Detectives - Statistics

General Stats
  • This quiz has been taken 55 times
    11 since last reset
  • The average score is 7 of 16
Answer Stats
Picture Answer % Correct
Sherlock Holmes
100%
Ace Ventura
82%
Hercule Poirot
82%
Batman
73%
Adrian Monk
55%
Columbo
55%
Benoit Blanc
36%
Dick Tracy
36%
Fletch
36%
Inspector Clouseau
36%
Sam Spade
36%
Lew Harper
27%
Cormoran Strike
18%
Rorschach
18%
The Question
18%
Shawn Spencer
9%
No matching quizzes found
Score Distribution
Percent of People with Each Score
Percentile by Number Answered
Your Score History
You have not taken this quiz since the last reset